Normal view
MARC view
Entry Personal Name
001 - CONTROL NUMBER
- control field: 3105
003 - CONTROL NUMBER IDENTIFIER
- control field: ARRUPE
005 - DATE AND TIME OF LATEST TRANSACTION
- control field: 20131104144223.0
008 - FIXED-LENGTH DATA ELEMENTS
- fixed length control field: 131104|| aca||aabn | a|a d
040 ## - CATALOGING SOURCE
- Original cataloging agency: ARRUPE
- Transcribing agency: ARRUPE
100 ## - HEADING--PERSONAL NAME
- Personal name: Eusebius,
- Titles and other words associated with a name: of Caesarea, Bishop of Caesarea,
- Dates associated with a name: approximately 260-approximately 340.
670 ## - SOURCE DATA FOUND
- Source citation: Work cat.: (ARRUPE)0: Kofsky, Arieh. 3104, Eusebius of Caesarea against paganism /, 2002.